| 000 | 00915nam a2200241Ia 4500 | ||
|---|---|---|---|
| 003 | OSt | ||
| 005 | 20220918110920.0 | ||
| 006 | a|||||r|||| 00| 0 | ||
| 007 | ta | ||
| 008 | 220915b |||||||| |||| 00| 0 hin d | ||
| 020 | _c750 | ||
| 024 | _a245516 | ||
| 037 |
_b456, 24/03/2008, Swaraj Prakashan _cReference Collections |
||
| 040 |
_aARTS _cARTS _bhin |
||
| 041 |
_2hin _ahin |
||
| 082 | _aO152,3N361x, P4.1-.3 (RR) | ||
| 100 | _aभ्रमर, राम कुमार | ||
| 245 | 0 | _aराम कुमार भ्रमर रचनावली | |
| 246 | _aRām kumār bhramar rachanāvalī | ||
| 260 |
_aनई दिल्ली _bकिताबघर भारत _c2004 |
||
| 942 |
_hO152,3N361x, P4.1-.3 (RR) _cREF |
||
| 999 |
_c115705 _d115705 |
||